<?xml version="1.0" encoding="UTF-8"?>
<record
    xmlns:xsi="http://www.w3.org/2001/XMLSchema-instance"
    xsi:schemaLocation="http://www.loc.gov/MARC21/slim http://www.loc.gov/standards/marcxml/schema/MARC21slim.xsd"
    xmlns="http://www.loc.gov/MARC21/slim">

  <leader>00318nam a22001457a 4500</leader>
  <controlfield tag="003">SGT</controlfield>
  <datafield tag="020" ind1=" " ind2=" ">
    <subfield code="a">9788173718748</subfield>
  </datafield>
  <datafield tag="082" ind1=" " ind2=" ">
    <subfield code="b">GUP</subfield>
  </datafield>
  <datafield tag="100" ind1=" " ind2=" ">
    <subfield code="a">GUPTA B.D </subfield>
  </datafield>
  <datafield tag="245" ind1=" " ind2=" ">
    <subfield code="a">BASIC ORGANOMETALLIC CHEMISTRY </subfield>
  </datafield>
  <datafield tag="260" ind1=" " ind2=" ">
    <subfield code="b">UNIVERSITY PRESS </subfield>
    <subfield code="c">2018</subfield>
  </datafield>
  <datafield tag="300" ind1=" " ind2=" ">
    <subfield code="a">513</subfield>
  </datafield>
  <datafield tag="650" ind1=" " ind2=" ">
    <subfield code="a">PHYSICAL SCIENCE </subfield>
  </datafield>
  <datafield tag="942" ind1=" " ind2=" ">
    <subfield code="2">ddc</subfield>
    <subfield code="c">BK</subfield>
    <subfield code="0">46</subfield>
  </datafield>
  <datafield tag="952" ind1=" " ind2=" ">
    <subfield code="0">0</subfield>
    <subfield code="1">0</subfield>
    <subfield code="2">ddc</subfield>
    <subfield code="4">0</subfield>
    <subfield code="7">1</subfield>
    <subfield code="8">FS</subfield>
    <subfield code="a">SSSL</subfield>
    <subfield code="b">SSSL</subfield>
    <subfield code="c">REF</subfield>
    <subfield code="d">2018-08-28</subfield>
    <subfield code="g">750.00</subfield>
    <subfield code="i">SGTU</subfield>
    <subfield code="o">GUP</subfield>
    <subfield code="p">PS4736</subfield>
    <subfield code="r">2018-08-28 00:00:00</subfield>
    <subfield code="w">2018-08-28</subfield>
    <subfield code="y">BK</subfield>
    <subfield code="k">10055</subfield>
  </datafield>
  <datafield tag="952" ind1=" " ind2=" ">
    <subfield code="0">0</subfield>
    <subfield code="1">0</subfield>
    <subfield code="2">ddc</subfield>
    <subfield code="4">0</subfield>
    <subfield code="7">0</subfield>
    <subfield code="8">FS</subfield>
    <subfield code="a">SSSL</subfield>
    <subfield code="b">SSSL</subfield>
    <subfield code="c">TXT</subfield>
    <subfield code="d">2018-08-28</subfield>
    <subfield code="g">750.00</subfield>
    <subfield code="i">SGTU</subfield>
    <subfield code="l">18</subfield>
    <subfield code="m">1</subfield>
    <subfield code="o">GUP</subfield>
    <subfield code="p">PS4737</subfield>
    <subfield code="r">2023-11-14 00:00:00</subfield>
    <subfield code="s">2023-10-30</subfield>
    <subfield code="w">2018-08-28</subfield>
    <subfield code="y">BK</subfield>
    <subfield code="k">10055</subfield>
  </datafield>
  <datafield tag="952" ind1=" " ind2=" ">
    <subfield code="0">0</subfield>
    <subfield code="1">0</subfield>
    <subfield code="2">ddc</subfield>
    <subfield code="4">0</subfield>
    <subfield code="7">0</subfield>
    <subfield code="8">FS</subfield>
    <subfield code="a">SSSL</subfield>
    <subfield code="b">SSSL</subfield>
    <subfield code="c">TXT</subfield>
    <subfield code="d">2018-08-28</subfield>
    <subfield code="g">750.00</subfield>
    <subfield code="i">SGTU</subfield>
    <subfield code="l">8</subfield>
    <subfield code="o">GUP</subfield>
    <subfield code="p">PS4738</subfield>
    <subfield code="r">2023-09-19 00:00:00</subfield>
    <subfield code="s">2023-09-01</subfield>
    <subfield code="w">2018-08-28</subfield>
    <subfield code="y">BK</subfield>
    <subfield code="k">10055</subfield>
  </datafield>
  <datafield tag="952" ind1=" " ind2=" ">
    <subfield code="0">0</subfield>
    <subfield code="1">0</subfield>
    <subfield code="2">ddc</subfield>
    <subfield code="4">0</subfield>
    <subfield code="7">0</subfield>
    <subfield code="8">FS</subfield>
    <subfield code="a">SSSL</subfield>
    <subfield code="b">SSSL</subfield>
    <subfield code="c">TXT</subfield>
    <subfield code="d">2018-08-28</subfield>
    <subfield code="g">750.00</subfield>
    <subfield code="i">SGTU</subfield>
    <subfield code="l">11</subfield>
    <subfield code="o">GUP</subfield>
    <subfield code="p">PS4739</subfield>
    <subfield code="r">2023-11-30 00:00:00</subfield>
    <subfield code="s">2023-08-11</subfield>
    <subfield code="w">2018-08-28</subfield>
    <subfield code="y">BK</subfield>
    <subfield code="k">10055</subfield>
  </datafield>
  <datafield tag="952" ind1=" " ind2=" ">
    <subfield code="0">0</subfield>
    <subfield code="1">0</subfield>
    <subfield code="2">ddc</subfield>
    <subfield code="4">0</subfield>
    <subfield code="7">0</subfield>
    <subfield code="8">FS</subfield>
    <subfield code="a">SSSL</subfield>
    <subfield code="b">SSSL</subfield>
    <subfield code="c">TXT</subfield>
    <subfield code="d">2018-08-28</subfield>
    <subfield code="g">750.00</subfield>
    <subfield code="i">SGTU</subfield>
    <subfield code="l">16</subfield>
    <subfield code="o">GUP</subfield>
    <subfield code="p">PS4740</subfield>
    <subfield code="r">2023-10-16 00:00:00</subfield>
    <subfield code="s">2023-09-28</subfield>
    <subfield code="w">2018-08-28</subfield>
    <subfield code="y">BK</subfield>
    <subfield code="k">10055</subfield>
  </datafield>
  <datafield tag="999" ind1=" " ind2=" ">
    <subfield code="c">15855</subfield>
    <subfield code="d">15855</subfield>
  </datafield>
</record>
